Parks and Recreation Quiz - Statistics

General Stats
  • This quiz has been taken 338 times
    332 since last reset
  • The average score is 8 of 13
Answer Stats
Hint Answer % Correct
City Pawnee
100%
Ron's Ex Wives Tammy
88%
Ron's Mothers Nickname Tammy
88%
Donna and Tom's Best Day of the Year Treat Yo Self 2011
82%
Leslie's Birthtown Eagleton
80%
What Kind of Car does Donna Drive Mercedes
80%
April's creepy friend Orin
71%
Name of Lil' Sebastian's Memorial Song 5,000 Candles in the WInd
68%
City Manager Chris Traeger
62%
Ron's Mother's Name Tamera
21%
April Legal Married Name April Roberta Ludgate-Dwyer
20%
Jerry's Daughter's Name who dated Chris Milicent Gergich
4%
Leslie's Book Pawnee: The Greatest Town in America
4%
No matching quizzes found
Score Distribution
Percent of People with Each Score
Percentile by Number Answered
Your Score History
You have not taken this quiz since the last reset